03089 2201369 4500001002100000005001500021035002000036007000300056008004100059020002200100082001000122084001600132100002500148245019100173250001500364300003300379500003700412700002800449700002100477264003000498336002100528337003000549338002300579650001300602990001200615990001200627990001200639990001200651990001200663990001200675990001200687990001200699990001200711990001200723990001200735990001200747990001200759990001200771990001200783990001200795990001200807990001200819990001200831990001200843990001200855990001200867990001200879990001200891990001200903990001200915990001200927990001200939990001200951990001200963990001200975990001200987990001200999990001201011990001201023990001201035990001201047990001201059990001201071990001201083990001201095990001201107990001201119990001201131990001201143990001201155990001201167990001201179990001201191990001201203990001201215990001201227990001201239990001201251990001201263990001201275990001201287990001201299990001201311990001201323990001201335990001201347990001201359990001201371990001201383990001201395990001201407990001201419990001201431990001201443990001201455990001201467990001201479990001201491990001201503990001201515990001201527990001201539990001201551990001201563990001201575990001201587990001201599990001201611990001201623990001201635990001201647990001201659990001201671990001201683990001201695990001201707INLIS00000000000032320231130101100 a0010-1123000009ta231130 0 ind  a978-979-29-7017-3 a629.2 a629.2 FUR p0 aFurqon, ZePengarang1 aPekerjaan Dasar Teknik Otomotif :bProgram Keahlian Teknik Otomotif: Kompetensi Keahlian Teknik Kendaraan Ringan Otomotif: Kompetensi Keahlian Teknik dan Bisnis Sepeda Motor /cZ. Furqon aed 1 cet 1 axi, 189 hlm :bilus ;c25 cm aKurikulum 2013 Edisi Revisi 20170 aJoko PramonoePengarang0 aTyasePenyunting aYogyakarta :bAndi,c2018 2rdacontentateks 2rdamediaatanpa perantara 2rdacarrieravolume 4aOtomotif a22.0934 a22.0935 a22.0936 a22.0937 a22.0938 a22.0939 a22.0940 a22.0941 a22.0942 a22.0943 a20.0374 a20.0375 a20.0376 a20.0377 a20.0378 a20.0379 a20.0380 a20.0381 a20.0382 a20.0383 a20.0384 a20.0385 a20.0386 a20.0387 a20.0388 a20.0389 a20.0390 a20.0391 a20.0392 a20.0393 a20.0394 a20.0395 a20.0396 a20.0397 a20.0398 a20.0399 a20.0400 a20.0401 a20.0402 a20.0403 a20.0404 a20.0405 a20.0406 a20.0407 a20.0408 a20.0409 a20.0410 a20.0411 a20.0412 a20.0413 a20.0414 a20.0415 a20.0416 a20.0417 a20.0418 a20.0419 a20.0420 a20.0421 a20.0422 a20.0423 a20.0424 a20.0425 a20.0426 a20.0427 a20.0428 a20.0429 a20.0430 a20.0431 a20.0432 a20.0433 a20.0434 a20.0435 a20.0436 a20.0437 a20.0438 a20.0439 a20.0440 a20.0441 a20.0442 a20.0443 a20.0444 a20.0445 a20.0446 a20.0447 a20.0448 a20.0449 a20.0450 a20.0451 a20.0452 a20.0453 a20.0454 a20.0455